000 00793nam a2200265 i 4500
001 000046581
003 DO-SdBNP
005 20230920092204.0
007 ta
008 150827s1988 dr a 000 0 spa d
040 _aDO-SdBNP
_bspa
_cBNPHU
_erda
082 4 _bS684L, 8vo
_222
100 1 _aSolano, Alejandro
_956913
_eautor
245 1 0 _aLengua española :
_b8vo. grado /
_cAlejandro Solano, Eduardo Rodríguez Lorenzo
246 _a8vo grado
264 _aSanto Domingo :
_bSusaeta,
_c1988
300 _a159 paginas. :
_bilustraciones. ;
_c27 cm.
336 _2rdacontent
_atexto
_btxt
337 _2rdamedia
_asin mediación
_bn
338 _2rdacarrier
_avolumen
_bnc
590 _aInventariado, 2023/DG
700 1 _aRodríguez, Eduardo
_974566
910 _aDG
942 _2ddc
_cLBS1
999 _c54837
_d54837